Normal view MARC view
  • Rastogi.J.P.

Entry Personal Name

Number of records used in: 1

001 - CONTROL NUMBER

  • control field: 4128

003 - CONTROL NUMBER IDENTIFIER

  • control field: OSt

005 - DATE AND TIME OF LATEST TRANSACTION

  • control field: 20170923080807.0

008 - FIXED-LENGTH DATA ELEMENTS

  • fixed length control field: 170923|| aca||aabn | a|a d

040 ## - CATALOGING SOURCE

  • Original cataloging agency: OSt

100 ## - HEADING--PERSONAL NAME

  • Personal name: Rastogi.J.P.

Powered by Koha